000 00695nam a2200277Ia 4500
005 20260324142001.0
008 008 260324s9999 xx 000 0 eng d
020 _a9781003062288
037 _aEBOOK
040 _aCRL
040 _beng
040 _cCRL
041 _2eng
041 _aeng
084 _qCRL
100 _aVladislav V Kravchenko; Michael Shapiro
_91210248
245 0 _aIntegral Representations For Spatial Models of Mathematical Physics
260 _bTaylor and Francis
260 _c1996
365 _a
365 _b260
856 _uhttp://www.taylorfrancis.com/books/9781003062288
942 _cEBOOK
999 _c1813924
_d1813924